| 000 | 00853nam a2200265Ia 4500 | ||
|---|---|---|---|
| 003 | OSt | ||
| 005 | 20221005083100.0 | ||
| 006 | a|||||r|||| 00| 0 | ||
| 007 | ta | ||
| 008 | 221004b |||||||| |||| 00| 0 eng d | ||
| 020 |
_a9789382381822 (hbk) _cINR 950.00 |
||
| 024 | _a33351 | ||
| 037 |
_bIN555, 06/03/2017, Bharatiya Sahitya Bhavana _cTextual |
||
| 040 |
_aCRL _cCRL _beng |
||
| 041 |
_2eng _aeng |
||
| 082 | _aX:97D.2, Q6 | ||
| 100 | _aBhattacharya Sabyasachi Ed. | ||
| 245 | 0 | _aVernacularization of labour politics | |
| 260 |
_aNew Delhi _bTulika Books India _c2016 |
||
| 300 |
_avi,347p. _ccm. |
||
| 650 | _aLABOUR ECONOMICS | ||
| 700 | _a Behal Rana P. Ed. | ||
| 942 |
_hX:97D.2, Q6 _cTEXL _2cc |
||
| 999 |
_c990274 _d990274 |
||